00460nam a2200133Ia 4500008004100000041000800041082001600049100002600065245005000091260003600141300001800177999001700195952011400212240719s9999 xx 000 0 und d aeng a294.592 BAD aBadrinath, Chaturvedi aMahabharata An Inquiry In The Human Condition aNew DelhibOrient Longmanc2013 a683.; P 24 Cm c41303d41303 00104070aIMTNbIMTNcRack 4-Ad2023-09-06o294.592 BADp32998r2024-07-19 00:00:00w2024-07-19yBKzGifted